Economics of wildlife conservation and protected area tourism : (Record no. 88362)

MARC details
000 -LEADER
fixed length control field 00723nam a22001937a 4500
005 - DATE AND TIME OF LATEST TRANSACTION
control field 20140908104224.0
010 ## - LCCN (DPL NO)
LC control number ENG-110765
020 ## - INTERNATIONAL STANDARD BOOK NUMBER
International Standard Book Number 9788183876162
Terms of availability 495.00
035 ## - SYSTEM CONTROL NUMBER
System control number EN-94297
037 ## - SOURCE OF ACQUISITION
Source of stock number/acquisition DBAD/PUB
082 ## - DEWEY DECIMAL CLASSIFICATION NUMBER
Classification number 333.954160954162
100 ## - MAIN ENTRY--PERSONAL NAME
Personal name Das, Brajen
245 ## - TITLE STATEMENT
Title Economics of wildlife conservation and protected area tourism :
Statement of responsibility, etc by Brajen Das
Remainder of title application of TCM and CVM to Manas National Park of Assam /
260 ## - PUBLICATION, DISTRIBUTION, ETC. (IMPRINT)
Place of publication, distribution, etc New Delhi
Name of publisher, distributor, etc Serials Publications
Date of publication, distribution, etc 2014
270 ## - ADDRESS
Address 4830/24, Prahlad street, Ansari Road, Darya Ganj
City New Delhi
Postal code 110002
300 ## - PHYSICAL DESCRIPTION
Extent xii,124p.
Dimensions 22cm(Hb)
500 ## - GENERAL NOTE
General note Includes bibliographical references and index
942 ## - ADDED ENTRY ELEMENTS (KOHA)
Source of classification or shelving scheme Dewey Decimal Classification
Item type English Books
Classification part 333.954160954162
Call number suffix DAS
Holdings
Withdrawn status Lost status Not for loan Collection code Home library Current library Date acquired Source of acquisition Cost, normal purchase price Full call number Barcode Copy number Cost, replacement price Koha item type
    Not For Loan Non-fiction D.B.Act.Division D.B.Act.Division 05/09/2014 DBAD / PUB 495.00 333.954160954162 DAS EN-94297 1 495.00 English Books

© Delhi Public Library
Hit Counter
free hit counter